000 00452nam a22001817a 4500
003 UA-OsUOA
001 13632
007 ta
008 20030611b un ||||| |||| 00| 0 ukr d
100 _aПарипа І.
942 _cSA
040 _aUA-OsUOA
_cUA-OsUOA
_dUA-OsUOA
245 _aСон: [Вірш]
300 _aС.7
955 _a0
773 0 _w0
_tПолісся
_dсмт. Зарічне
_d2003
_g№17/18/25 квіт./
650 7 _aВірші
_2UDC
999 _c299793
_d299793